[Event "Titled Tuesday intern op 17th Sep Early"]
[Site "Chess,com INT"]
[Date "2024.09.17"]
[Round "2"]
[White "Feliz Dotel, Dewar Bienvenido"]
[Black "Krivoshey, Sergei"]
[Result "0-1"]
[WhiteElo "2013"]
[BlackElo "2460"]
[PlyCount "58"]
[EventDate "2024.09.17"]
[EventType "swiss (blitz)"]
[EventRounds "11"]
[EventCountry "USA"]
[SourceTitle "EXT 2025"]
[Source "ChessBase"]
[SourceDate "2024.10.14"]
[SourceVersion "1"]
[SourceVersionDate "2024.10.14"]
[SourceQuality "1"]

1. Nf3 g6 2. d4 Bg7 3. e3 d6 4. Be2 Nc6 5. 0-0 e5 6. dxe5 dxe5 7. e4 Nf6 8. Bb5 Bd7 9. Bg5 h6 10. Bh4 0-0 11. Nbd2 Qe8 12. c3 a6 13. Bc4 Nh5 14. Bg3 Qe7 15. a4 Rad8 16. Qe2 Bg4 17. Bd5 Rd6 18. Qc4 Na5 19. Qb4 c6 20. Qxa5 cxd5 21. exd5 Nxg3 22. hxg3 e4 23. Nd4 Rfd8 24. Qb4 Qe8 25. Rae1 f5 26. f3 Bh5 27. g4 fxg4 28. fxe4 Be5 29. Ne2 g3 0-1

[Event "Titled Tuesday intern op 17th Sep Early"]
[Site "Chess,com INT"]
[Date "2024.09.17"]
[Round "1"]
[White "Krivoshey, Sergei"]
[Black "Moroni, Luca Jr"]
[Result "0-1"]
[WhiteElo "2460"]
[BlackElo "2558"]
[PlyCount "58"]
[EventDate "2024.09.17"]
[EventType "swiss (blitz)"]
[EventRounds "11"]
[EventCountry "USA"]
[SourceTitle "EXT 2025"]
[Source "ChessBase"]
[SourceDate "2024.10.14"]
[SourceVersion "1"]
[SourceVersionDate "2024.10.14"]
[SourceQuality "1"]

1. e4 g6 2. Nc3 Bg7 3. Bc4 e6 4. d3 a6 5. f4 b5 6. Bb3 Ne7 7. Nf3 Nbc6 8. 0-0 Na5 9. Qe1 Nxb3 10. axb3 Bb7 11. Qh4 d5 12. f5 gxf5 13. Bg5 d4 14. Ne2 Qd7 15. Ng3 Ng6 16. Qh5 f4 17. Ne2 e5 18. Bh6 Bxh6 19. Qxh6 0-0-0 20. g3 f5 21. gxf4 fxe4 22. dxe4 Bxe4 23. Rxa6 Bxf3 24. Rxf3 Qg4+ 25. Kf2 e4 26. Rg3 e3+ 27. Ke1 Qf5 28. Rg5 Qxc2 29. Qh5 Qb1+ 0-1

[Event "Titled Tuesday intern op 03rd Sep Early"]
[Site "Chess.com INT"]
[Date "2024.09.03"]
[Round "1"]
[White "Bardyk, Artem"]
[Black "Krivoshey, Sergei"]
[Result "1-0"]
[WhiteElo "2278"]
[BlackElo "2460"]
[PlyCount "103"]
[EventDate "2024.09.03"]
[EventType "swiss (blitz)"]
[EventRounds "11"]
[EventCountry "USA"]
[SourceTitle "EXT 2025"]
[Source "ChessBase"]
[SourceDate "2024.10.14"]
[SourceVersion "1"]
[SourceVersionDate "2024.10.14"]
[SourceQuality "1"]

1. e4 g6 2. d4 Bg7 3. Nc3 d6 4. Nf3 Nf6 5. Be3 0-0 6. h3 c6 7. a4 a5 8. Bc4 d5 9. Bd3 dxe4 10. Nxe4 Nxe4 11. Bxe4 Nd7 12. c3 e5 13. 0-0 f5 14. Bc2 e4 15. Ne5 Nxe5 16. dxe5 Bxe5 17. Bb3+ Kg7 18. Qc1 f4 19. Bc5 Re8 20. Rd1 Qg5 21. Kh1 Qh5 22. Bd4 Bxh3 23. gxh3 Qxh3+ 24. Kg1 f3 25. Qg5 Qh2+ 26. Kf1 Qh1+ 27. Qg1 Qh3+ 28. Ke1 Bxd4 29. Rxd4 e3 30. fxe3 Re7 31. Kd2 Rae8 32. Re1 Qf5 33. Bc2 f2 34. Bxf5 fxg1Q 35. Rxg1 Rxe3 36. Rd7+ Kf6 37. Bd3 R3e7 38. Rd4 Re5 39. b4 R8e7 40. Rf1+ Kg7 41. Rd8 g5 42. Rff8 h5 43. Rg8+ Kf6 44. Rdf8+ Ke6 45. Bc4+ Kd7 46. Rd8+ Kc7 47. b5 Kb6 48. Rdf8 Kc5 49. Bd3 g4 50. Rh8 Rg5 51. bxc6 bxc6 52. Rfg8 1-0

[Event "Titled Tuesday intern op 03rd Sep Early"]
[Site "Chess.com INT"]
[Date "2024.09.03"]
[Round "3"]
[White "Krivoshey, Sergei"]
[Black "Karamsetty, Jeevan"]
[Result "0-1"]
[WhiteElo "2460"]
[BlackElo "2244"]
[PlyCount "74"]
[EventDate "2024.09.03"]
[EventType "swiss (blitz)"]
[EventRounds "11"]
[EventCountry "USA"]
[SourceTitle "EXT 2025"]
[Source "ChessBase"]
[SourceDate "2024.10.14"]
[SourceVersion "1"]
[SourceVersionDate "2024.10.14"]
[SourceQuality "1"]

1. e4 d6 2. Nc3 Nf6 3. Bc4 e5 4. d3 Be7 5. f4 exf4 6. Bxf4 0-0 7. Nf3 c6 8. 0-0 Qb6+ 9. Kh1 Qxb2 10. Qd2 d5 11. Rab1 Qa3 12. Rb3 Qa5 13. Nxd5 Qd8 14. Nxe7+ Qxe7 15. Bg5 h6 16. Bh4 Nbd7 17. Rbb1 b5 18. Bb3 Qc5 19. d4 Qh5 20. e5 Nd5 21. Bxd5 cxd5 22. Be7 Re8 23. Bd6 Nb6 24. Qf4 Nc4 25. Bc5 a6 26. Ne1 Be6 27. Nd3 Qe2 28. Rf2 Qh5 29. Rbf1 Qg6 30. Qc1 Rac8 31. Nf4 Qg5 32. Qd1 Ne3 33. Qf3 Nxf1 34. Rxf1 Qg4 35. Qf2 a5 36. h3 Qf5 37. Nd3 Qxf2 0-1

[Event "Titled Tuesday intern op 03rd Sep Early"]
[Site "Chess.com INT"]
[Date "2024.09.03"]
[Round "2"]
[White "Krivoshey, Sergei"]
[Black "Sisman, Gizem"]
[Result "1-0"]
[WhiteElo "2460"]
[BlackElo "1827"]
[PlyCount "73"]
[EventDate "2024.09.03"]
[EventType "swiss (blitz)"]
[EventRounds "11"]
[EventCountry "USA"]
[SourceTitle "EXT 2025"]
[Source "ChessBase"]
[SourceDate "2024.10.14"]
[SourceVersion "1"]
[SourceVersionDate "2024.10.14"]
[SourceQuality "1"]

1. e4 e6 2. d4 d5 3. Nc3 Bb4 4. Nge2 Nf6 5. Bg5 dxe4 6. a3 Be7 7. Bxf6 gxf6 8. Nxe4 f5 9. Nd2 c5 10. Nf3 Nc6 11. Qd2 cxd4 12. Nexd4 Bd7 13. 0-0-0 Qb6 14. Nxc6 Bxc6 15. Ne5 Bf6 16. Nc4 Qc5 17. f3 Bd5 18. Qb4 Qxb4 19. axb4 Ke7 20. c3 Rac8 21. Ne3 Bb3 22. Re1 Bg5 23. Bd3 Kf6 24. g3 Rhd8 25. Bc2 Bd5 26. f4 Bh6 27. Nxd5+ Rxd5 28. Rd1 Rcd8 29. Rxd5 Rxd5 30. Bb3 Rd6 31. Kc2 Ke7 32. Ra1 a6 33. Re1 Bg7 34. Bc4 h5 35. Bd3 Kd7 36. c4 Kc7 37. b3 1-0

[Event "Titled Tuesday intern op 27th Aug Early"]
[Site "Chess.com INT"]
[Date "2024.08.27"]
[Round "4"]
[White "Krivoshey, Sergei"]
[Black "Gomez Aguirre, Juan Alberto"]
[Result "1/2-1/2"]
[WhiteElo "2460"]
[BlackElo "2340"]
[PlyCount "70"]
[EventDate "2024.08.27"]
[EventType "swiss (blitz)"]
[EventRounds "11"]
[EventCountry "USA"]
[SourceTitle "EXT 2025"]
[Source "ChessBase"]
[SourceDate "2024.10.14"]
[SourceVersion "1"]
[SourceVersionDate "2024.10.14"]
[SourceQuality "1"]

1. e4 b6 2. d4 Bb7 3. Nc3 e6 4. Nf3 Bb4 5. Bd3 Nf6 6. Bg5 h6 7. Bxf6 Qxf6 8. 0-0 Bxc3 9. bxc3 d6 10. Qd2 0-0 11. a4 a5 12. Rfe1 Nd7 13. Bb5 Rfd8 14. Bxd7 Rxd7 15. Re3 Qg6 16. Rae1 Re7 17. Qd3 e5 18. d5 Bc8 19. Qc4 Bd7 20. Nh4 Qh5 21. g3 g6 22. Qxc7 Qg5 23. Qxd6 Bxa4 24. Qxb6 Rc8 25. Qxa5 Be8 26. Qb4 Rd7 27. c4 Rdc7 28. Rc3 Qd8 29. c5 Rb8 30. Qc4 Rbc8 31. Qb4 Rb8 32. Qa5 Ra8 33. Qb6 Rb8 34. Qa5 Ra8 35. Qb4 Rb8 1/2-1/2

[Event "Titled Tuesday intern op 27th Aug Early"]
[Site "Chess.com INT"]
[Date "2024.08.27"]
[Round "3"]
[White "Sabarez, Iulian"]
[Black "Krivoshey, Sergei"]
[Result "0-1"]
[WhiteElo "2022"]
[BlackElo "2460"]
[PlyCount "50"]
[EventDate "2024.08.27"]
[EventType "swiss (blitz)"]
[EventRounds "11"]
[EventCountry "USA"]
[SourceTitle "EXT 2025"]
[Source "ChessBase"]
[SourceDate "2024.10.14"]
[SourceVersion "1"]
[SourceVersionDate "2024.10.14"]
[SourceQuality "1"]

1. Nf3 g6 2. g3 Bg7 3. Bg2 d6 4. d4 Bd7 5. b3 Qc8 6. h4 h6 7. Bb2 Nc6 8. c4 e5 9. dxe5 dxe5 10. Nbd2 Nge7 11. 0-0 Bh3 12. Qc2 0-0 13. Rad1 Qe6 14. Ne4 Bxg2 15. Kxg2 b6 16. Rd3 f5 17. Re3 fxe4 18. Rxe4 Rae8 19. Rd1 Nf5 20. Ba3 Rf7 21. Rd5 Nce7 22. Nxe5 Nxd5 23. Nxf7 Qxe4+ 24. Qxe4 Rxe4 25. cxd5 Kxf7 0-1

[Event "Elets-A 75th"]
[Site "Elets"]
[Date "2014.12.05"]
[Round "7"]
[White "Krivoshey, Sergei"]
[Black "Gladyszev, Oleg"]
[Result "1/2-1/2"]
[WhiteElo "2471"]
[BlackElo "2426"]
[PlyCount "39"]
[EventDate "2014.11.29"]
[EventType "tourn"]
[EventRounds "9"]
[EventCountry "RUS"]
[EventCategory "10"]
[SourceTitle "EXT 2016"]
[Source "ChessBase"]
[SourceDate "2015.10.08"]
[SourceVersion "1"]
[SourceVersionDate "2015.10.08"]
[SourceQuality "1"]

1. d4 Nf6 2. Nf3 g6 3. Bf4 Bg7 4. e3 0-0 5. c3 d6 6. h3 c5 7. Be2 Nbd7 8. Nbd2 b6 9. 0-0 Bb7 10. Qc2 Rc8 11. Bh2 Qc7 12. Rfc1 Qb8 13. Qd1 Qa8 14. Qf1 Ne4 15. Ba6 Nxd2 16. Nxd2 cxd4 17. cxd4 Rxc1 18. Rxc1 Rc8 19. Bxb7 Qxb7 20. Rxc8+ 1/2-1/2

[Event "Elets-A 75th"]
[Site "Elets"]
[Date "2014.12.04"]
[Round "6"]
[White "Matinian, Nikita"]
[Black "Krivoshey, Sergei"]
[Result "1-0"]
[WhiteElo "2478"]
[BlackElo "2471"]
[PlyCount "69"]
[EventDate "2014.11.29"]
[EventType "tourn"]
[EventRounds "9"]
[EventCountry "RUS"]
[EventCategory "10"]
[SourceTitle "EXT 2016"]
[Source "ChessBase"]
[SourceDate "2015.10.08"]
[SourceVersion "1"]
[SourceVersionDate "2015.10.08"]
[SourceQuality "1"]

1. d4 d5 2. c4 c6 3. Nf3 Nf6 4. e3 Bg4 5. Nc3 e6 6. h3 Bxf3 7. Qxf3 Nbd7 8. Bd3 Bb4 9. 0-0 0-0 10. a3 Bd6 11. b4 Re8 12. c5 Bc7 13. Qd1 e5 14. b5 exd4 15. exd4 Ne4 16. Nxe4 dxe4 17. Bc4 Nf6 18. Bg5 h6 19. Bh4 g5 20. Bg3 Re7 21. bxc6 bxc6 22. Qa4 Kg7 23. Qxc6 Bxg3 24. fxg3 Rc7 25. Qa6 Qxd4+ 26. Kh2 Qe5 27. Rad1 e3 28. Rf3 Rf8 29. Rd6 Ne4 30. Rxe3 Rxc5 31. Rd7 Qf5 32. Be6 Qg6 33. Qxa7 Re5 34. Bd5 Qf5 35. Rd3 1-0

[Event "Llucmajor op 2nd"]
[Site "Llucmajor"]
[Date "2013.05.05"]
[Round "9"]
[White "Krivoshey, Sergei"]
[Black "Zaragatski, Ilja"]
[Result "0-1"]
[WhiteElo "2483"]
[BlackElo "2469"]
[PlyCount "40"]
[EventDate "2013.04.28"]
[EventType "swiss"]
[EventRounds "9"]
[EventCountry "ESP"]
[SourceTitle "CBM 154 Extra"]
[Source "ChessBase"]
[SourceDate "2013.06.25"]
[SourceVersion "2"]
[SourceVersionDate "2013.06.25"]
[SourceQuality "1"]

1. d4 g6 2. Nf3 Bg7 3. c3 Nf6 4. Bg5 c5 5. dxc5 0-0 6. Nbd2 Na6 7. Nb3 Qc7 8. Qd4 b6 9. cxb6 axb6 10. e3 Nc5 11. Qd1 Nfe4 12. Nbd4 Nxg5 13. Nxg5 Bb7 14. Ngf3 f5 15. Be2 f4 16. exf4 Rxf4 17. 0-0 Raf8 18. Nc2 Rxf3 19. gxf3 Rf4 20. Kg2 Rg4+ 0-1

[Event "Llucmajor op 2nd"]
[Site "Llucmajor"]
[Date "2013.05.01"]
[Round "4"]
[White "Petkov, Vladimir"]
[Black "Krivoshey, Sergei"]
[Result "1-0"]
[WhiteElo "2566"]
[BlackElo "2483"]
[PlyCount "65"]
[EventDate "2013.04.28"]
[EventType "swiss"]
[EventRounds "9"]
[EventCountry "ESP"]
[SourceTitle "CBM 154 Extra"]
[Source "ChessBase"]
[SourceDate "2013.06.25"]
[SourceVersion "2"]
[SourceVersionDate "2013.06.25"]
[SourceQuality "1"]

1. d4 d5 2. c4 c6 3. Nf3 Nf6 4. Nc3 a6 5. a4 e6 6. g3 dxc4 7. e4 Bb4 8. e5 Nd5 9. Bd2 0-0 10. Bxc4 c5 11. 0-0 cxd4 12. Nxd5 Bxd2 13. Nf6+ gxf6 14. Qxd2 Nc6 15. Rfe1 fxe5 16. Nxe5 Qf6 17. Ng4 Qg7 18. Qf4 Kh8 19. Rad1 Bd7 20. b4 Nxb4 21. Nf6 Bxa4 22. Re5 Bc2 23. Nh5 Qg6 24. Rde1 f6 25. Rxe6 Qxh5 26. Rxf6 Qc5 27. Re5 Qc8 28. Qxd4 Rxf6 29. Re8+ Kg7 30. Rxc8 Rxc8 31. Qd7+ Kg6 32. Qxc8 Rc6 33. Qg8+ 1-0

[Event "Moscow MGSU Rector Cup"]
[Site "Moscow"]
[Date "2012.11.10"]
[Round "5"]
[White "Krivoshey, Sergei"]
[Black "Andreikin, Dmitry"]
[Result "0-1"]
[WhiteElo "2483"]
[BlackElo "2723"]
[PlyCount "82"]
[EventDate "2012.11.09"]
[EventType "swiss (rapid)"]
[EventRounds "11"]
[EventCountry "RUS"]
[SourceTitle "EXT 2013"]
[Source "ChessBase"]
[SourceDate "2012.11.22"]
[SourceVersion "1"]
[SourceVersionDate "2012.11.22"]
[SourceQuality "1"]

1. Nf3 c5 2. c4 Nc6 3. g3 g6 4. Bg2 Bg7 5. Nc3 Nh6 6. h4 Nf5 7. h5 d6 8. d3 Nfd4 9. Nxd4 Bxd4 10. e3 Bg7 11. h6 Bxc3+ 12. bxc3 0-0 13. Bd2 Ne5 14. Qe2 Qa5 15. 0-0 Qa4 16. Rfc1 Rb8 17. e4 b5 18. f4 Bg4 19. Qf1 Nd7 20. cxb5 Rxb5 21. c4 Rb2 22. Bc3 Rxa2 23. Qf2 Rxa1 24. Rxa1 Qb3 25. Qd2 Qb8 26. Qa2 f6 27. Qxa7 Qb3 28. Rc1 e5 29. f5 Rf7 30. Qa6 Qb8 31. Ra1 Nf8 32. Qa2 gxf5 33. exf5 Bxf5 34. Bd5 Be6 35. Be4 f5 36. Bg2 Qd8 37. Qd2 f4 38. gxf4 Rxf4 39. Qe2 Rg4 40. Bd2 Rg6 41. Kf1 Qh4 0-1

[Event "Banicky Kahanec 32nd"]
[Site "Prievidza"]
[Date "2009.09.10"]
[Round "6"]
[White "Csiba, Dominik"]
[Black "Krivoshey, Sergei"]
[Result "1/2-1/2"]
[WhiteElo "2353"]
[BlackElo "2497"]
[PlyCount "93"]
[EventDate "2009.09.04"]
[EventType "tourn"]
[EventRounds "9"]
[EventCountry "CZE"]
[EventCategory "9"]
[SourceTitle "CBM 132 Extra"]
[Source "ChessBase"]
[SourceDate "2009.11.03"]
[SourceVersion "1"]
[SourceVersionDate "2009.11.03"]
[SourceQuality "1"]

1. e4 e6 2. d4 d5 3. Nd2 dxe4 4. Nxe4 Nd7 5. Nf3 Ngf6 6. Nxf6+ Nxf6 7. Bc4 c5 8. 0-0 a6 9. a4 cxd4 10. Qe2 Qc7 11. Rd1 Bc5 12. Ne5 0-0 13. Bf4 Qe7 14. Bg5 Qc7 15. Bf4 Qe7 16. Bg5 Qc7 17. Rd3 Nd7 18. Nxd7 Bxd7 19. Re1 Rfe8 20. Rh3 Be7 21. Bxe7 Rxe7 22. Qe4 h6 23. Bd3 f5 24. Qxd4 e5 25. Qd5+ Kh8 26. a5 e4 27. Bf1 Re5 28. Qf7 Qd6 29. Rg3 Re7 30. Rd1 Qe5 31. Qd5 Qxd5 32. Rxd5 f4 33. Rc3 Bc6 34. Rd4 e3 35. Be2 exf2+ 36. Kxf2 Bxg2 37. Rxf4 Bc6 38. Bf3 Bxf3 39. Rcxf3 Kh7 40. Rf7 Rae8 41. Rxe7 Rxe7 42. c4 Kg6 43. b4 Re4 44. Rc3 Kf5 45. b5 axb5 46. cxb5 Ra4 47. Rc7 1/2-1/2

[Event "Burgas op 17th"]
[Site "Ourense"]
[Date "2008.07.10"]
[Round "8"]
[White "Krivoshey, Sergei"]
[Black "Vallejo Diaz, Javier"]
[Result "1-0"]
[WhiteElo "2504"]
[BlackElo "2296"]
[PlyCount "49"]
[EventDate "2008.07.03"]
[EventType "swiss"]
[EventRounds "9"]
[EventCountry "ESP"]
[SourceTitle "CBM 125 Extra"]
[Source "ChessBase"]
[SourceDate "2008.09.01"]
[SourceVersion "1"]
[SourceVersionDate "2008.09.01"]
[SourceQuality "1"]

1. d4 d5 2. c4 c6 3. Nf3 Nf6 4. Nc3 dxc4 5. e3 Bg4 6. Bxc4 e6 7. h3 Bxf3 8. Qxf3 Nbd7 9. 0-0 Be7 10. Rd1 0-0 11. e4 b5 12. Bb3 b4 13. Ne2 Qa5 14. Be3 Rfd8 15. Ng3 c5 16. e5 Ne8 17. d5 Nxe5 18. Qe4 f6 19. dxe6 c4 20. Bxc4 Nxc4 21. Qxc4 Rac8 22. Qb3 Nd6 23. Rd5 Qa6 24. Rad1 Nc4 25. Nf5 1-0

[Event "Burgas op 17th"]
[Site "Ourense"]
[Date "2008.07.09"]
[Round "7"]
[White "Rusev, Krasimir"]
[Black "Krivoshey, Sergei"]
[Result "1/2-1/2"]
[WhiteElo "2508"]
[BlackElo "2504"]
[PlyCount "31"]
[EventDate "2008.07.03"]
[EventType "swiss"]
[EventRounds "9"]
[EventCountry "ESP"]
[SourceTitle "CBM 125 Extra"]
[Source "ChessBase"]
[SourceDate "2008.09.01"]
[SourceVersion "1"]
[SourceVersionDate "2008.09.01"]
[SourceQuality "1"]

1. d4 d5 2. Nf3 c6 3. c4 e6 4. Nc3 dxc4 5. e3 b5 6. a4 Bb4 7. Bd2 a5 8. axb5 Bxc3 9. Bxc3 cxb5 10. b3 Bb7 11. bxc4 b4 12. Bb2 Nf6 13. Bd3 Nbd7 14. 0-0 0-0 15. Re1 Ne4 16. Qc2 1/2-1/2

[Event "Burgas op 17th"]
[Site "Ourense"]
[Date "2008.07.04"]
[Round "2"]
[White "Krivoshey, Sergei"]
[Black "Eyo Castro Rial, Alberto"]
[Result "1-0"]
[WhiteElo "2504"]
[BlackElo "2192"]
[PlyCount "83"]
[EventDate "2008.07.03"]
[EventType "swiss"]
[EventRounds "9"]
[EventCountry "ESP"]
[SourceTitle "CBM 125 Extra"]
[Source "ChessBase"]
[SourceDate "2008.09.01"]
[SourceVersion "1"]
[SourceVersionDate "2008.09.01"]
[SourceQuality "1"]

1. Nf3 Nf6 2. d4 g6 3. Bg5 Ne4 4. Bh4 Bg7 5. Nbd2 d5 6. e3 0-0 7. Nxe4 dxe4 8. Nd2 c5 9. c3 cxd4 10. cxd4 Qb6 11. Bxe7 Qxb2 12. Rb1 Qxa2 13. Bc4 Qa5 14. Bxf8 Bxf8 15. 0-0 Nc6 16. Nxe4 Nb4 17. Qb3 Qf5 18. Nc5 a5 19. e4 Qf4 20. Rfe1 b6 21. Nd3 Nxd3 22. Qxd3 Bb4 23. Re3 Bb7 24. g3 Qg4 25. f3 Qd7 26. Kg2 Rd8 27. d5 Bc8 28. Re2 h5 29. Reb2 h4 30. g4 Qd6 31. Rxb4 axb4 32. Qd2 h3+ 33. Kxh3 Qe5 34. Be2 f5 35. exf5 Bxf5 36. Rxb4 Kg7 37. Kg2 Rxd5 38. Qb2 Bd7 39. Rxb6 Rd4 40. Rb4 Rxg4+ 41. fxg4 Bc6+ 42. Bf3 1-0

[Event "Karl Mala Memorial op 11th"]
[Site "Frankfurt"]
[Date "2008.06.29"]
[Round "6"]
[White "Reschke, Stefan"]
[Black "Krivoshey, Sergei"]
[Result "1/2-1/2"]
[WhiteElo "2360"]
[BlackElo "2491"]
[PlyCount "51"]
[EventDate "2008.06.26"]
[EventType "swiss"]
[EventRounds "7"]
[EventCountry "GER"]
[SourceTitle "CBM 125 Extra"]
[Source "ChessBase"]
[SourceDate "2008.09.01"]
[SourceVersion "1"]
[SourceVersionDate "2008.09.01"]
[SourceQuality "1"]

1. Nf3 d5 2. g3 c6 3. b3 Bg4 4. Bg2 Nd7 5. Bb2 Qc7 6. c4 dxc4 7. bxc4 e5 8. Qc2 Ngf6 9. Nc3 Be7 10. Rb1 0-0 11. 0-0 Rfe8 12. Rfd1 Bc5 13. Ng5 Bh5 14. Rf1 Rad8 15. d3 Bf8 16. Ba1 Nc5 17. Nce4 Nfxe4 18. Nxe4 Ne6 19. Rfe1 f5 20. Nd2 Nd4 21. Bxd4 exd4 22. Bf3 Bxf3 23. exf3 Rxe1+ 24. Rxe1 Bb4 25. Re2 Bxd2 26. Qxd2 1/2-1/2

[Event "Karl Mala Memorial op 11th"]
[Site "Frankfurt"]
[Date "2008.06.28"]
[Round "5"]
[White "Krivoshey, Sergei"]
[Black "Donchenko, Anatoly G"]
[Result "1-0"]
[WhiteElo "2491"]
[BlackElo "2361"]
[PlyCount "87"]
[EventDate "2008.06.26"]
[EventType "swiss"]
[EventRounds "7"]
[EventCountry "GER"]
[SourceTitle "CBM 125 Extra"]
[Source "ChessBase"]
[SourceDate "2008.09.01"]
[SourceVersion "1"]
[SourceVersionDate "2008.09.01"]
[SourceQuality "1"]

1. Nf3 c5 2. c4 Nf6 3. Nc3 Nc6 4. g3 g6 5. Bg2 d6 6. d4 cxd4 7. Nxd4 Bd7 8. Nxc6 Bxc6 9. e4 Bg7 10. 0-0 0-0 11. Be3 Nd7 12. Rc1 a5 13. Qe2 Nc5 14. Bxc5 dxc5 15. e5 Bxg2 16. Kxg2 Qc7 17. f4 e6 18. Ne4 Rfd8 19. Rcd1 Bf8 20. Rxd8 Rxd8 21. Rd1 Be7 22. Rxd8+ Qxd8 23. Qd2 Qxd2+ 24. Nxd2 f5 25. exf6 Bxf6 26. Ne4 Be7 27. Kf3 h5 28. Nf2 b6 29. Ke4 Bd6 30. Nd3 Kg7 31. Ne5 Be7 32. h3 Kf6 33. Nf3 Bd6 34. g4 hxg4 35. hxg4 Bc7 36. g5+ Kf7 37. Ne5+ Kg7 38. Kd3 Bxe5 39. fxe5 Kf7 40. Kc3 a4 41. b3 Ke7 42. Kb2 Kd7 43. Ka3 axb3 44. Kxb3 1-0

[Event "Karl Mala Memorial op 11th"]
[Site "Frankfurt"]
[Date "2008.06.27"]
[Round "3"]
[White "Krivoshey, Sergei"]
[Black "Specht, Christian"]
[Result "1-0"]
[WhiteElo "2491"]
[BlackElo "2054"]
[PlyCount "81"]
[EventDate "2008.06.26"]
[EventType "swiss"]
[EventRounds "7"]
[EventCountry "GER"]
[SourceTitle "CBM 125 Extra"]
[Source "ChessBase"]
[SourceDate "2008.09.01"]
[SourceVersion "1"]
[SourceVersionDate "2008.09.01"]
[SourceQuality "1"]

1. Nf3 f5 2. g3 Nf6 3. Bg2 g6 4. d4 Bg7 5. 0-0 0-0 6. c4 d6 7. Nc3 Qe8 8. Nd5 Nxd5 9. cxd5 Qb5 10. Ng5 h6 11. Ne6 Bxe6 12. dxe6 d5 13. a4 Qc6 14. Qb3 Rd8 15. Bf4 Na6 16. Rac1 Qb6 17. Bxd5 c6 18. Qxb6 axb6 19. Bc4 g5 20. Be5 Bxe5 21. dxe5 Nc5 22. b3 Rd2 23. f4 g4 24. Rfd1 Rad8 25. Rxd2 Rxd2 26. Kf2 Kf8 27. b4 Ne4+ 28. Ke1 Rb2 29. b5 Nc5 30. Rd1 Ke8 31. Bd3 Nxd3+ 32. Rxd3 Rb1+ 33. Kf2 cxb5 34. axb5 Rxb5 35. Rd7 Ra5 36. Rxb7 Ra8 37. Rxb6 Rd8 38. e4 fxe4 39. Ke3 Kf8 40. Kxe4 Rd2 41. Kf5 1-0

[Event "Salou op 10th"]
[Site "Salou"]
[Date "2008.05.10"]
[Round "3"]
[White "Krivoshey, Sergei"]
[Black "Burmakin, Vladimir"]
[Result "1/2-1/2"]
[WhiteElo "2488"]
[BlackElo "2615"]
[PlyCount "24"]
[EventDate "2008.05.08"]
[EventType "swiss"]
[EventRounds "9"]
[EventCountry "ESP"]
[SourceTitle "CBM 124 Extra"]
[Source "ChessBase"]
[SourceDate "2008.07.03"]
[SourceVersion "1"]
[SourceVersionDate "2008.07.03"]
[SourceQuality "1"]

1. d4 d5 2. Nf3 c6 3. c4 Nf6 4. e3 Bf5 5. Bd3 Bxd3 6. Qxd3 e6 7. Nc3 Nbd7 8. 0-0 Be7 9. b3 0-0 10. Bb2 Re8 11. e4 dxe4 12. Nxe4 Nxe4 1/2-1/2

[Event "Pamplona op"]
[Site "Pamplona"]
[Date "2007.12.26"]
[Round "6"]
[White "Granda Zuniga, Julio E"]
[Black "Krivoshey, Sergei"]
[Result "1-0"]
[WhiteElo "2592"]
[BlackElo "2484"]
[PlyCount "165"]
[EventDate "2007.12.22"]
[EventType "swiss"]
[EventRounds "9"]
[EventCountry "ESP"]
[SourceTitle "CBM 121 Extra"]
[Source "ChessBase"]
[SourceDate "2008.01.10"]
[SourceVersion "1"]
[SourceVersionDate "2008.01.10"]
[SourceQuality "1"]

1. d4 d5 2. c4 c6 3. e3 Nf6 4. Nf3 Bg4 5. h3 Bxf3 6. Qxf3 e6 7. Nd2 Nbd7 8. g3 Qa5 9. a3 e5 10. c5 Be7 11. b4 Qc7 12. Bb2 0-0 13. Bg2 e4 14. Qe2 Ne8 15. Nb3 f5 16. h4 g6 17. Kd2 Ng7 18. Kc2 Ne6 19. Bc3 Nf6 20. Kb2 Ng4 21. Rhc1 h5 22. Be1 Rf7 23. b5 Raf8 24. Rc2 Qd7 25. bxc6 bxc6 26. Ka2 g5 27. hxg5 Bxg5 28. Rb1 Rg7 29. Na5 Nd8 30. Bh3 h4 31. gxh4 Bxh4 32. Rb8 Qc7 33. Rcb2 Bxf2 34. Nxc6 Bxe1 35. Rxd8 Rxd8 36. Nxd8 Qxd8 37. Qxe1 Qg5 38. c6 Nxe3 39. Rb8+ Kh7 40. Rb7 Nc4 41. c7 Nd6 42. Qb4 Qf4 43. Qxd6 Qxd6 44. Bxf5+ Kh6 45. c8Q Rg2+ 46. Kb1 Rg1+ 47. Ka2 Rg2+ 48. Rb2 Rxb2+ 49. Kxb2 Qb6+ 50. Ka2 Qxd4 51. Qc2 Kg5 52. Bd7 Qe5 53. Bc6 e3 54. Bb5 d4 55. Qg2+ Kh4 56. Bc4 Qf4 57. Kb3 Qe5 58. Qf3 Kg5 59. Kc2 Qh2+ 60. Qe2 Qd6 61. Qg2+ Kh6 62. Bd3 Kh5 63. Qf3+ Kg5 64. Qf5+ Kh4 65. Qh7+ Kg5 66. Qg7+ Kh4 67. Qxa7 Qc6+ 68. Kb1 Qc3 69. Qe7+ Kg3 70. Qe5+ Kh4 71. Qf4+ Kh5 72. Be2+ Kg6 73. Qd6+ Kf5 74. Qb4 Qc6 75. Qxd4 Qb7+ 76. Ka2 Qe7 77. Qg4+ Ke5 78. Qg3+ Kd5 79. Qf3+ Kc5 80. Qf5+ Kc6 81. Qb5+ Kc7 82. a4 Qd6 83. Qc4+ 1-0

[Event "BL2-West 0708"]
[Site "Germany"]
[Date "2007.12.09"]
[Round "4.3"]
[White "Savchenko, Viacheslav"]
[Black "Krivoshey, Sergei"]
[Result "0-1"]
[WhiteElo "2427"]
[BlackElo "2484"]
[PlyCount "68"]
[EventDate "2007.10.21"]
[EventType "team-tourn"]
[EventRounds "9"]
[EventCountry "GER"]
[SourceTitle "EXT 2009"]
[Source "ChessBase"]
[SourceDate "2008.11.26"]
[SourceVersion "1"]
[SourceVersionDate "2008.11.26"]
[SourceQuality "1"]
[WhiteTeam "Gerresheim"]
[BlackTeam "Hofheim"]
[WhiteTeamCountry "GER"]
[BlackTeamCountry "GER"]

1. d4 Nf6 2. c4 c6 3. Nc3 d5 4. Nf3 a6 5. a4 e6 6. e3 c5 7. dxc5 Bxc5 8. Be2 Nc6 9. 0-0 dxc4 10. Qxd8+ Kxd8 11. Bxc4 Ke7 12. Rd1 Bd7 13. Ng5 Rhd8 14. Bd2 Bb4 15. Be2 Be8 16. Be1 Rxd1 17. Rxd1 Rd8 18. Kf1 Rxd1 19. Bxd1 h6 20. Nf3 a5 21. Be2 Nd7 22. b3 f6 23. Bd3 Bf7 24. Bc2 e5 25. Ne4 Bxe1 26. Nxe1 Nb4 27. Bd1 Bd5 28. Nd2 Nc5 29. Ke2 Na2 30. Bc2 Nc1+ 31. Kd1 N1xb3 32. e4 Nxd2 33. exd5 Nc4 34. Kc1 Nb6 0-1